000 00525nam a2200181Ia 4500
005 20250326123956.0
008 250326s9999 xx 000 0 und d
037 _aTextbook
040 _aFMSL
_beng
_cFMSL
041 _aeng
_2eng
084 _aXwM84 L5
_qFMSL
100 _aJoshi A
245 0 _aLala Shri Ram: study in entrepreneurship and industrial management
_cJoshi A
260 _aNew Delhi
_bNew Delhi, Orient Longman
_c1975
300 _a708p
942 _cTB
_hXwM84 L5
999 _c1271723
_d1271723